[Event "11th Mumbai Mayors Cup 2018"]
[Site "Mumbai"]
[Date "2018.06.05"]
[Round "4"]
[White "Karthikeyan Pandiyan"]
[Black "Divya, Deshmukh"]
[Result "0-1"]
[WhiteElo "1425"]
[BlackElo "2138"]
[Annotator "TA"]
[PlyCount "112"]
[EventDate "2018.??.??"]
[EventType "swiss"]
[EventCountry "IND"]
[SourceTitle "playchess.com"]
[Source "ChessBase"]
[SourceQuality "1"]

{[%evp 9,112,-29,-12,-49,0,-51,-36,-43,-14,-7,16,6,0,-89,0,-15,-9,-17,2,-18,0,-1,-4,-24,0,0,0,0,-2,-15,0,-11,0,0,33,-53,-48,-61,0,-90,-64,-90,-90,-85,-82,-191,-218,-336,-314,-297,-233,-227,-93,-155,-152,-137,-143,-148,-100,-345,-345,-412,-411,-395,-392,-520,-507,-518,-502,-512,-487,-495,-491,-488,-495,-452,-461,-472,-460,-461,-462,-465,-453,-436,-433,-666,-666,-652,-627,-561,-557,-654,-636,-6087,-6087,-5498,-4850,-1676,-1431,-6087,-6087,-5611,-5185,-5061,-1325]} 1. e4 c5 2. Nf3 d6 3. b3 Nc6 4. Bb5 e5 (4... Bd7 5. O-O Nf6 6. d3 g6 7. Bb2 Bg7 8. Nbd2 O-O 9. a4 e5 10. Nc4 a6 11. Bxc6 Bxc6 12. a5 Nh5 13. Nb6 Rb8 14. c4 f5 15. Nd5 Qd7 16. Nd2 fxe4 17. dxe4 {1-0 (76) Andreikin,D (2708)-Artemiev,V (2692) Sochi 2017}) 5. Bxc6+ bxc6 {LiveBook: 6 Games} 6. h3 {B50: Sicilian: 2...d6, Miscellaneous} g6 7. Bb2 ({Better is} 7. d3 $11) 7... Bg7 $15 8. d3 {Black is slightly better.} Ne7 $146 ({Predecessor:} 8... Nf6 9. Nc3 O-O 10. Ne2 Nh5 11. g4 Nf6 {1-0 (55) Guseva,M (2204)-Savchenko,V (1850) Kazan 2003}) 9. Nbd2 Qc7 10. Nh2 {[%cal Bf3h2,Bh2f1,Bf1e3][%mdl 32]} O-O 11. g4 (11. O-O $11 {keeps the balance.}) 11... h6 ({Black should play} 11... f5 $17) 12. Nhf1 d5 13. Qe2 Qa5 14. Ne3 Ba6 15. f3 Rfd8 16. a3 c4 17. dxc4 dxc4 18. b4 Qc7 19. a4 {[#]} c3 $1 {[%mdl 512]} 20. Qxa6 (20. Bxc3 Bxe2) 20... cxb2 21. Rb1 $1 c5 22. Ndc4 ({White should try} 22. Qa5 $1 $14 Qxa5 23. bxa5) 22... cxb4 23. Rxb2 Qc5 (23... Nc6 $1 $15) 24. O-O (24. Qa5 $11 {remains equal.} Qxa5 25. Nxa5) 24... Rd4 $36 {[%mdl 2048] aiming for ...Rxc4. Black has good play.} 25. Kg2 Rc8 {[%cal Rd4c4]} 26. Qb7 a5 {Hoping for ...Bf8.} 27. Rf2 (27. c3 $17 {was the only chance.} bxc3 28. Rc2) 27... Bf6 $19 28. Nb6 (28. c3 $142 Rxc4 29. Nxc4 bxc3 30. Nb6 cxb2 31. Nxc8 Nxc8 32. Rxb2) 28... Rcd8 29. c3 bxc3 30. Rb5 Qc6 (30... Qa3 $19 {is more deadly.} 31. Nc2 Qc1 $1 {[%mdl 512]} 32. Nxd4 Bh4) 31. Qxc6 (31. Nbd5 $142 Qxb7 32. Nxf6+ Kg7 {[#]} 33. Nh5+ $1 {[%mdl 512]} gxh5 34. Rxb7) 31... Nxc6 $17 32. Rc5 Nb4 {Strongly threatening ...Nd3.} 33. Rxc3 Nd3 34. Rxd3 $2 (34. Ra2 $17 {was worth a try.}) 34... Rxd3 $19 35. Ned5 Bh4 36. Rc2 {[#]} f5 $1 37. Rc6 (37. exf5 gxf5) 37... fxe4 {Black is clearly winning.} 38. fxe4 Rf8 {( -> ...Rf2+)} 39. Rc2 Rg3+ 40. Kh2 Rgf3 41. Nc4 Rf2+ 42. Rxf2 Rxf2+ {[%mdl 4096] Endgame KRB-KNN} 43. Kg1 Re2 44. Nxa5 Rxe4 45. Nc6 Rxa4 46. Nxe5 Kg7 47. Nf3 (47. Nb6 $142 Ra1+ 48. Kg2) 47... Ra1+ 48. Kg2 Ra2+ 49. Kh1 Bg3 50. Nc3 Rf2 51. Ne4 Rxf3 52. Kg2 Ra3 53. Nxg3 Ra2+ 54. Kg1 Kf6 55. Ne4+ Ke5 56. Nc3 Rc2 {Precision: White = 26%, Black = 57%.} (56... Ra3 $142 57. Nb5 Rxh3) 0-1

[Event "11th Mumbai Mayors Cup 2018"]
[Site "Mumbai"]
[Date "2018.06.06"]
[Round "5"]
[White "Kravtsiv, Martyn"]
[Black "Erigaisi Arjun"]
[Result "1/2-1/2"]
[WhiteElo "2662"]
[BlackElo "2505"]
[Annotator "TA"]
[PlyCount "149"]
[EventDate "2018.??.??"]
[EventType "swiss"]
[EventCountry "IND"]
[SourceTitle "playchess.com"]
[Source "ChessBase"]
[SourceQuality "1"]

{[%evp 26,149,22,22,22,21,47,35,53,19,18,18,59,35,24,30,43,41,45,46,47,46,49,42,44,43,60,68,69,68,64,52,73,73,68,59,59,39,59,56,44,44,83,104,141,34,41,43,43,36,76,94,102,38,40,39,38,14,12,19,15,14,11,0,0,0,0,0,0,0,0,0,181,181,181,181,172,173,172,0,0,0,0,0,0,0,0,0,0,0,0,0,0,0,0,0,0,0,0,0,0,0,0,0,0,0,0,0,0,0,0,0,0,0,0,0,0,0,0,0,0,0,0,0,0,0]} 1. e4 e6 2. d4 d5 3. Nc3 Nf6 4. e5 Nfd7 5. f4 c5 6. Nf3 Nc6 7. Be3 a6 8. Qd2 b5 9. dxc5 Bxc5 10. Bd3 {C11: French: Classical System: 4 e5 and 4 Bg5 dxe4} (10. Ne2 O-O 11. Ned4 Qb6 12. c3 b4 13. Bd3 a5 14. O-O Ba6 15. Kh1 Bxd3 16. Qxd3 Qa6 17. Qc2 bxc3 18. bxc3 {½-½ (31) Dominguez Perez,L (2739)-So,W (2788) Saint Louis 2017}) 10... Qb6 11. Bf2 Bxf2+ 12. Qxf2 Bb7 13. O-O Qxf2+ 14. Rxf2 {LiveBook: 3 Games} Ke7 15. Ne2 f6 $146 ({Predecessor:} 15... Rag8 16. Re1 h6 17. h4 g5 18. hxg5 hxg5 19. Nxg5 Ncxe5 {1-0 (34) Deng,T (1824)-Nguyen,M Ho Chi Minh City 2016}) 16. Ned4 Nxd4 17. Nxd4 fxe5 18. fxe5 b4 19. Raf1 Raf8 20. Rxf8 Nxf8 21. Rf4 Nd7 22. Nf3 a5 23. Bb5 Rf8 24. Rxf8 Nxf8 $14 {[%mdl 4096] Endgame KBN-KBN} 25. Kf2 Kd8 26. Ke3 Kc7 $1 27. Nd4 Bc8 28. Be8 h6 29. g3 Kb6 30. h4 Ba6 31. g4 Bc8 32. g5 hxg5 33. hxg5 Kc7 34. Bf7 Bd7 {[#]} 35. Nf3 ({White should play} 35. Nb3 $1 $16) 35... Kd8 36. Kd4 Ke7 37. Bh5 g6 38. Bg4 Be8 {[#]} 39. Bh3 (39. Ng1 $1 $16) 39... Bb5 40. Kc5 Be2 41. Nd4 Nd7+ 42. Kc6 Nxe5+ 43. Kc7 Bd1 44. b3 Nf3 45. Nc6+ Ke8 $1 46. Bg4 {Threatens to win with Kb6.} e5 $1 47. Bxf3 Bxf3 48. Nxe5 $11 {KB-KN} Bd1 $2 (48... Be4 $11) 49. Kb6 $18 ({Not} 49. Nxg6 Bxc2 50. Ne5 Bb1 $11) 49... Bxc2 50. Kxa5 Bb1 51. Kxb4 Bxa2 52. Nxg6 $2 (52. Kc3 $18 Bb1 53. Kd4) 52... d4 $1 $11 {The position is equal.} 53. Ne5 Ke7 54. Nf3 Kf7 55. Nxd4 {Strongly threatening Kc3.} Kg6 56. Nf3 Bb1 57. Kc5 Be4 58. Ne5+ Kxg5 59. b4 $1 Kf5 60. Kd6 Bg2 61. b5 {And now Nc6 would win.} Bf1 62. b6 {White wants to mate with b7.} Ba6 63. Nc6 Bb7 64. Nb4 Kf6 65. Nc6 Kf5 66. Nb4 Kf6 67. Nd3 Kf5 68. Ne5 Ba8 69. Nf7 Ke4 70. Nd8 Kd4 71. Kc7 Kc5 72. Nf7 Kb5 73. Nd6+ Kc5 74. b7 Bxb7 75. Nxb7+ {Precision: White = 72%, Black = 73%.} 1/2-1/2

[Event "11th Mumbai Mayors Cup 2018"]
[Site "Mumbai"]
[Date "2018.06.06"]
[Round "5"]
[White "Amonatov, Farrukh"]
[Black "Tran, Minh Thang"]
[Result "1-0"]
[WhiteElo "2605"]
[BlackElo "2383"]
[Annotator "TA"]
[PlyCount "75"]
[EventDate "2018.??.??"]
[EventType "swiss"]
[EventCountry "IND"]
[SourceTitle "playchess.com"]
[Source "ChessBase"]
[SourceQuality "1"]

{[%evp 28,75,15,0,51,-19,-13,-34,-12,-28,26,10,7,13,10,12,7,0,37,0,124,25,72,52,45,26,88,38,157,0,463,439,518,506,511,526,753,752,739,724,706,686,883,891,824,838,816,798,2288,2270]} 1. e4 c5 2. Nf3 e6 3. d4 cxd4 4. Nxd4 a6 5. Bd3 Bc5 6. Nb3 Ba7 7. Qe2 Nc6 8. Be3 Bxe3 9. Qxe3 Nf6 10. Nc3 d6 11. O-O-O Qc7 12. f4 O-O 13. g4 Nxg4 {B42: Sicilian: Kan Variation: 5 Bd3} (13... Nd7 14. Qh3 Nb4 15. a3 Nxd3+ 16. Qxd3 d5 17. exd5 Qxf4+ 18. Kb1 Ne5 19. Qe2 f6 20. d6 Rf7 21. Rhg1 {0-1 (53) Nemet,I (2381)-Hort,V (2546) Interlaken 2003}) 14. Qg3 Nf6 15. Rhg1 {[%csl Gg1][%cal Rg3g7] LiveBook: 3 Games} g6 (15... Ne8 $11) 16. Qh4 $146 ({Better is} 16. h4 $14) ({Predecessor:} 16. h4 b5 17. Qg5 Kg7 18. h5 h6 19. Qh4 Ne7 20. Rg2 b4 21. Rdg1 {1-0 (21) Alagna,L-Fischer,J ICCF corr 2000}) 16... Qe7 $11 17. Rg5 Kg7 18. Rdg1 h6 ({Black should play} 18... Kh8) 19. R5g2 Nd5 20. Qf2 $1 Nxc3 21. bxc3 Qf6 $132 {[%mdl 2048] Black puts up resistance} 22. Kb2 Bd7 23. h4 $1 {[%mdl 1024] White has compensation.} h5 (23... e5 $11 {remains equal.} 24. f5 Kh7) 24. Qd2 (24. Rg5 $1 $16) 24... Rad8 25. Rg5 $1 Rh8 26. Rf1 {aiming for f5.} (26. f5 $5 {[%cal Rf5g6]} Ne5 27. Rf1 $11) 26... b5 (26... Kf8 $11) 27. a3 {Threatens to win with f5.} Rc8 (27... Qe7 $1 $14) 28. Qg2 $2 (28. f5 $16 Ne5 29. fxg6) 28... b4 $2 {[%mdl 8192]} (28... Qd8 $11) 29. e5 $1 $18 {[%cal Re5f6] White is clearly winning.} bxc3+ {[#]} 30. Ka2 $1 Qe7 {[#]} 31. Bxg6 $1 {[%mdl 512]} fxg6 32. Rxg6+ Kf8 33. Rg1 {Intending Rg8+ and mate.} Ke8 34. Rg7 Qf8 35. Qg6+ Kd8 {[#]} 36. Rf7 $1 Qh6 37. Qd3 Rf8 {[#]} 38. Qxd6 $1 {[%mdl 512] Precision: White = 54%, Black = 15%.} 1-0

[Event "11th Mumbai Mayors Cup 2018"]
[Site "Mumbai"]
[Date "2018.06.06"]
[Round "5"]
[White "Ghosh, Diptayan"]
[Black "Navalgund, Niranjan"]
[Result "1-0"]
[WhiteElo "2536"]
[BlackElo "2282"]
[Annotator "TA"]
[PlyCount "57"]
[EventDate "2018.??.??"]
[EventType "swiss"]
[EventCountry "IND"]
[SourceTitle "playchess.com"]
[Source "ChessBase"]
[SourceQuality "1"]

{[%evp 14,57,51,35,49,42,50,44,62,37,41,35,41,31,81,69,62,59,59,66,78,66,68,101,139,123,74,130,358,329,498,234,493,484,540,512,1200,1244,1773,1766,1627,1470,29981,29982,29982,29983]} 1. c4 e5 2. Nc3 Nc6 3. Nf3 f5 4. e3 Nf6 5. Be2 Be7 6. O-O O-O 7. d4 d6 8. a3 Kh8 {A85: Holländische Verteidigung} (8... e4 9. Nd2 Qe8 10. b4 Qg6 11. g3 f4 12. exf4 Nxd4 13. Bb2 Bf5 14. Nd5 Nxe2+ 15. Qxe2 Nxd5 16. cxd5 {½-½ (70) Boskovic,Z (2205)-Vince,A (2082) Senta 2008}) 9. b4 {[%cal Bb2b4,Bb4b5,Bb5a6][%mdl 32]} e4 10. Nd2 d5 $146 {Weiß steht etwas besser.} ({Vorgänger:} 10... a6 11. Bb2 Bd7 12. f3 exf3 13. Nxf3 Ng4 14. Qd2 Nf6 15. Rae1 Ne4 16. Qc2 Nxc3 17. Bxc3 {0-1 (38) Barrera Negra,L (1925)-Bayon Palomino,J (1960) Malgrat del Mar 1997}) 11. b5 Na5 12. cxd5 Nxd5 13. Bb2 a6 14. bxa6 b6 15. Nxd5 Qxd5 16. f3 {[%cal Bf2f3,Bf3e4][%mdl 32]} Bg5 17. fxe4 Bxe3+ 18. Kh1 Qd8 {Mit der Idee ...Lxd2.} 19. Nc4 $36 {[%mdl 2048] Schwarz muss aufpassen.} Nxc4 20. Bxc4 fxe4 $2 (20... f4 $16) 21. Qe2 Bh6 (21... Bg5 $142 22. Rxf8+ (22. Qxe4 Bxa6 23. Rxf8+ Qxf8 $14) 22... Qxf8) 22. Rxf8+ $18 Qxf8 23. Rf1 {[%cal Rf1f8] [#]} Qd8 24. d5 {[%cal Bd4d5,Bd5d6][%mdl 32] Dh5 ist eine echte Drohung.} Qd6 (24... Bxa6 $142 25. Bxa6 Qxd5) 25. Qxe4 {Weiss droht De8+ und Matt.} Bd7 26. Bd3 {[%csl Gd3][%cal Re4h7]} Qg6 27. d6 c6 28. Qe7 Qe8 29. Rf7 {Precision: Weiß = 88%, Schwarz = 30%.} 1-0

[Event "11th Mumbai Mayors Cup 2018"]
[Site "Mumbai"]
[Date "2018.06.06"]
[Round "5"]
[White "Burmakin, Vladimir"]
[Black "Sidhant, Mohapatra"]
[Result "1/2-1/2"]
[WhiteElo "2528"]
[BlackElo "2370"]
[Annotator "TA"]
[PlyCount "81"]
[EventDate "2018.??.??"]
[EventType "swiss"]
[EventCountry "IND"]
[SourceTitle "playchess.com"]
[Source "ChessBase"]
[SourceQuality "1"]

{[%evp 19,81,-5,-3,-2,0,0,0,0,0,0,0,0,21,21,23,33,37,8,11,12,10,4,9,3,28,2,35,0,20,0,0,0,22,20,19,20,25,0,10,0,0,0,0,-5,-4,-5,0,-6,0,0,0,-29,26,32,27,25,85,0,0,0,0,0,6,0]} 1. Nf3 d5 2. g3 c6 3. Bg2 Bg4 4. c4 e6 5. cxd5 Bxf3 6. Bxf3 cxd5 7. O-O Nf6 8. d3 Nc6 9. Nc3 Be7 10. Bd2 {A11: Reti-Eröffnung} (10. d4 O-O 11. e3 Rc8 12. Bd2 Nd7 13. Qe2 Nb6 14. Rfd1 Qd7 15. Be1 Rfd8 16. Rac1 a6 17. Bg2 Rc7 18. h4 h6 19. Qc2 {½-½ (19) Cordova,E (2655)-Matlakov,M (2701) Moscow 2017}) 10... O-O {LiveBook: 24 Partien} 11. Qa4 a6 12. Rfc1 b5 13. Qd1 {Schwarz muss nun Sxd5 beachten.} Rc8 $146 ({Vorgänger:} 13... Qb6 14. Bg2 Rac8 15. e3 Rfd8 16. Ne2 Rc7 17. Rc2 Rdc8 {1-0 (32) Schmuecker,M (2257)-Bausch,T (2000) Werther 2014}) 14. Bg2 Nd7 {[%cal Bf6d7,Bd7b6,Bb6c4][%mdl 32]} 15. Be1 Bf6 16. e3 Nb6 {Schwarz will ...b4 spielen.} 17. d4 Nc4 18. Qe2 Be7 19. Rd1 Qb6 20. Rac1 Rfd8 21. b3 Na3 22. Qb2 h6 23. h4 Rc7 24. Ne2 b4 25. Nf4 Na7 26. Rxc7 Qxc7 27. Rc1 Qd7 28. Nd3 a5 29. Bf1 Rc8 30. Rxc8+ Qxc8 31. Qc1 (31. Nc1 {is interesting.} Bd6 32. Kg2 Nc6 33. Qd2 Nb8 34. Bd3) 31... Qxc1 32. Nxc1 N7b5 33. Bd3 Nc3 34. h5 f6 35. f4 e5 (35... f5 $142) 36. fxe5 fxe5 37. dxe5 Bg5 (37... Kf7 $11 {bleibt in der Remisbreite.}) 38. Ne2 ({Günstiger ist} 38. Kf2 $16) 38... Nxe2+ $11 {Die Stellung ist ausgeglichen.} 39. Bxe2 Nc2 40. Bf2 Nxe3 41. Bxe3 {Precision: Weiß = 41%, Schwarz = 48%.} 1/2-1/2

[Event "11th Mumbai Mayors Cup 2018"]
[Site "Mumbai"]
[Date "2018.06.06"]
[Round "5"]
[White "Tran, Tuan Minh"]
[Black "Rozum, Ivan"]
[Result "1/2-1/2"]
[WhiteElo "2514"]
[BlackElo "2581"]
[Annotator "TA"]
[PlyCount "80"]
[EventDate "2018.??.??"]
[EventType "swiss"]
[EventCountry "IND"]
[SourceTitle "playchess.com"]
[Source "ChessBase"]
[SourceQuality "1"]

{[%evp 18,80,23,21,25,16,27,0,28,0,0,0,0,0,167,141,148,0,0,0,0,0,0,0,0,0,0,0,0,0,-181,-6,57,55,63,70,61,77,91,19,18,12,16,16,16,14,16,14,22,0,0,0,0,0,0,0,0,0,0,0,0,0,0,0,0]} 1. d4 Nf6 2. c4 e6 3. Nf3 b6 4. g3 Bb7 5. Bg2 Be7 6. O-O O-O 7. Re1 Na6 8. Nc3 Ne4 {E18: Queen's Indian: Old Main Line (4 g3 Bb7 5 Bg2 Be7 6 0-0 0-0 7 Nc3)} (8... d5 9. cxd5 exd5 10. Bf4 Re8 11. Rc1 c5 12. dxc5 Nxc5 13. Nd4 a6 14. a3 Bf8 15. b4 Ne6 16. Nxe6 fxe6 17. Na4 Rc8 18. Rxc8 Qxc8 19. Qd4 b5 {0-1 (82) Nakamura,H (2787)-Carlsen,M (2853) chess.com INT 2016}) 9. Bf4 Nxc3 10. bxc3 {LiveBook: 16 Games} Nb8 $146 ({Predecessor:} 10... Be4 11. h4 c5 12. d5 d6 13. dxe6 fxe6 14. Ng5 Bxg2 15. Nxe6 Qc8 16. Nxf8 {0-1 (24) Vidit,S (2689)-Inarkiev,E (2709) Doha 2016}) 11. Qd3 {Strongly threatening Ng5.} Nc6 12. h4 f6 13. d5 Na5 14. Bh3 e5 15. Bf5 exf4 $2 (15... Kh8 $11 {and Black has nothing to worry.} 16. Be3 g6) 16. Bxh7+ $18 Kh8 {Threatens to win with ...fxg3.} 17. Bg6 {[#]} ({White must play} 17. Qf5 $1 $16 {[%cal Rf5h5]} g5 18. gxf4) 17... f5 $1 $11 18. Ne5 $1 (18. Bxf5 fxg3) 18... fxg3 (18... Kg8 $5 19. Qf3 $8 Rf6 20. gxf4 Rxg6+ $1 {[%mdl 512]} 21. Nxg6 Bc5 $17) 19. Qf3 $1 {[%cal Rf3h5] Threatening mate with Qh5+.} gxf2+ 20. Kh2 {White wants to mate with Qh5+.} Bg5 $1 21. hxg5 Qxg5 22. Rh1 $1 {And now Qg3 would win.} Kg8 23. Qg3 Qxg3+ $1 24. Kxg3 {[#] White threatens Bh7+ and mate.} Rf6 (24... Rfe8 $1 $11 25. Bf7+ (25. Bxe8 Rxe8) 25... Kf8 26. Rh8+ (26. Bxe8 Rxe8 27. Rh8+ Ke7 $11) 26... Ke7 27. Rxe8+ Rxe8 28. Bxe8 Kxe8) 25. Bh7+ $14 Kf8 $1 {[%cal Rf8e7]} 26. Nxd7+ Ke7 27. Nxf6 Kxf6 {[#]} 28. Kxf2 (28. Rh4 $1 $16) 28... Nxc4 $11 {The position is equal.} 29. e4 Nd6 30. Bxf5 $1 Nxf5 31. exf5 {Black must now prevent c4.} Bxd5 {[%mdl 4096] Endgame KRR-KRB} 32. Rhg1 Rg8 33. Rg6+ Kxf5 34. Rag1 {aiming for R6g5+.} Bxa2 35. Rxg7 Rxg7 36. Rxg7 {KR-KB} Ke4 37. Ke2 c5 38. Rxa7 Bc4+ 39. Kd2 b5 40. Rd7 Ke5 {Precision: White = 58%, Black = 74%.} 1/2-1/2

[Event "11th Mumbai Mayors Cup 2018"]
[Site "Mumbai"]
[Date "2018.06.06"]
[Round "5"]
[White "Karthik Venkataraman"]
[Black "Saravana, Krishnan P."]
[Result "1/2-1/2"]
[WhiteElo "2475"]
[BlackElo "2359"]
[Annotator "TA"]
[PlyCount "65"]
[EventDate "2018.??.??"]
[EventType "swiss"]
[EventCountry "IND"]
[SourceTitle "playchess.com"]
[Source "ChessBase"]
[SourceQuality "1"]

{[%evp 19,65,19,36,4,17,0,12,-19,0,14,14,14,20,19,22,18,11,10,16,0,13,0,0,0,9,0,0,0,0,0,0,-10,0,-12,0,-14,-18,-29,-21,-34,0,0,0,-35,0,0,0,-40]} 1. Nf3 Nf6 2. g3 d5 3. Bg2 g6 4. O-O Bg7 5. c4 c6 6. Qb3 O-O 7. d4 dxc4 8. Qxc4 Be6 9. Qa4 Nbd7 {D78: Fianchetto Grünfeld: 6 0-0 c6} 10. Nc3 Bf5 {LiveBook: 8 Games} 11. Bg5 $146 ({Predecessor:} 11. Bf4 Nb6 12. Qb3 Ne4 13. Rfd1 h6 14. Be5 Nf6 15. Nd2 Be6 16. Qc2 Nbd7 17. Bf4 Nh5 18. Be3 Nhf6 19. Bf4 Nh5 20. Be3 Nhf6 21. Bf4 Nh5 {½-½ (21) Pantsulaia,L (2614)-Nguyen,N (2644) Qinhuangdao 2011}) 11... h6 12. Bxf6 Nxf6 13. Rfe1 Nd7 14. Rad1 Qb6 15. Qa3 Bg4 16. h3 Bxf3 $1 17. Bxf3 e6 18. e3 Rfd8 19. Ne4 a5 20. Qe7 Re8 21. Qh4 ({Of course not} 21. Qxd7 Rad8 $17) (21. Qa3 {feels hotter.} Red8) 21... Qc7 22. Qf4 e5 23. dxe5 Nxe5 24. Be2 Qe7 25. h4 Rad8 26. h5 gxh5 {[%cal Bg6h5,Bh5h4][%mdl 32] [#] ...Ng6 is the strong threat.} 27. Qf5 h4 28. g4 Rd5 {White must now prevent ...Nd3.} 29. Nc3 $1 {[%cal Rc3d5]} Rc5 30. Na4 Rd5 31. Nc3 $1 {[%cal Rc3d5]} Rc5 {And now ...Nxg4! would win.} 32. Na4 Rd5 {[#] aiming for ...Nd3.} 33. Nc3 {Precision: White = 45%, Black = 56%.} 1/2-1/2

[Event "11th Mumbai Mayors Cup 2018"]
[Site "Mumbai"]
[Date "2018.06.06"]
[Round "5"]
[White "Visakh N R"]
[Black "Gajwa Ankit"]
[Result "1-0"]
[WhiteElo "2467"]
[BlackElo "2238"]
[Annotator "TA"]
[PlyCount "55"]
[EventDate "2018.??.??"]
[EventType "swiss"]
[EventCountry "IND"]
[SourceTitle "playchess.com"]
[Source "ChessBase"]
[SourceQuality "1"]

{[%evp 15,55,33,38,13,57,45,56,49,48,41,53,62,80,70,76,82,150,152,288,291,322,181,289,281,291,244,345,177,169,170,321,316,819,801,970,948,737,337,366,262,599,580]} 1. d4 Nf6 2. Bg5 c5 3. Bxf6 gxf6 4. d5 Qb6 5. Qc1 Bh6 6. e3 f5 7. c4 {A45: Damenbauernspiele (Trompowski-Angriff)} f4 8. exf4 Bxf4 {LiveBook: 21 Partien} 9. Qc2 {Weiß steht etwas besser.} ({Nicht} 9. Qxf4 Qxb2 10. Nf3 (10. Qc7 $2 Na6 $19) 10... Qxa1 $17) (9. Qc3 $5 {[%cal Rc3h8]} Rg8 10. Qc2 $11) (9. Qxf4 Qxb2 10. Ne2 Qxa1 11. Nec3 d6 12. Qd2 Rg8 13. g3 Rg4 14. f4 b5 15. cxb5 {½-½ (58) Vitiugov,N (2734)-Dubov,D (2638) Khanty-Mansiysk 2013}) 9... d6 $146 ({Vorgänger:} 9... Qg6 10. Qe2 d6 11. Nc3 Bg4 12. f3 Bf5 13. g3 Be5 14. f4 Bf6 {0-1 (70) Vasilev,M (2468)-Simeonov,S (2373) Albena 2010}) 10. Nc3 Na6 {[#] ...Lf5! ist eine echte Drohung.} 11. Rd1 Bd7 12. a3 Nc7 13. g3 Bh6 14. Bh3 Bxh3 15. Nxh3 Bg7 {[#]} (15... O-O-O $142) 16. O-O $1 $16 h5 (16... O-O-O $16 17. Rfe1 Rde8) 17. Rfe1 $18 h4 {Mit der Idee ...hxg3.} 18. Kg2 (18. Qf5 $142) 18... hxg3 (18... Rh6 {war nötig.} 19. Ng5 Bd4) 19. hxg3 (19. fxg3 Be5 $16) 19... Rh5 20. Nf4 $40 {[%mdl 128] Weiss will per K.O. gewinnen.} Re5 (20... Rh6 $142 21. Rh1 Rh8) 21. Nd3 (21. Qh7 $142 Rxe1 22. Rxe1) 21... Rxe1 22. Rxe1 ({Viel schwächer ist} 22. Nxe1 $6 O-O-O $14) 22... Qa6 $2 (22... Bxc3 23. Qxc3 Kd7) 23. Qe2 {[%csl Ge1][%cal Re2e7]} Bf8 $2 (23... e5 24. Qg4 Kf8) 24. Qg4 b5 25. Ne4 {Weiss droht Sf6+ und Matt.} e6 26. Nf4 (26. Nf6+ $142 Ke7 27. dxe6 fxe6 28. Nf4 Qb7+ 29. Kg1 Kxf6 30. Nxe6) 26... O-O-O 27. dxe6 Kb8 $2 (27... Nxe6 28. Nxe6 fxe6 29. Qxe6+ Kb8) 28. Qg5 {Precision: Weiß = 56%, Schwarz = 15%.} 1-0

[Event "11th Mumbai Mayors Cup 2018"]
[Site "Mumbai"]
[Date "2018.06.06"]
[Round "5"]
[White "Nguyen, Van Huy"]
[Black "Ajay Karthikeyan"]
[Result "1-0"]
[WhiteElo "2451"]
[BlackElo "2233"]
[Annotator "TA"]
[PlyCount "69"]
[EventDate "2018.??.??"]
[EventType "swiss"]
[EventCountry "IND"]
[SourceTitle "playchess.com"]
[Source "ChessBase"]
[SourceQuality "1"]

{[%evp 12,69,16,10,8,8,16,6,13,9,16,12,11,8,11,12,18,-47,-50,-69,-53,-48,-16,0,3,0,13,-22,111,-3,12,23,53,53,56,61,50,60,86,89,86,85,288,278,280,181,318,323,504,506,504,501,517,517,811,793,1012,1004,992,971]} 1. d4 Nf6 2. Nf3 g6 3. g3 Bg7 4. Bg2 O-O 5. O-O d6 6. a4 {[%cal Ba2a4,Ba4a5,Ba5a6][%mdl 32]} Nc6 {[%cal Bb8c6,Bc6d4,Bd4c2][%mdl 32]} 7. a5 e5 {A49: 1 d4 Nf6 2 Nf3 g6 3 g3: Anti-King's Indian systems} (7... a6 8. d5 Nb4 9. e4 Nxe4 10. c3 Nxd5 11. Qxd5 Nc5 12. Qd1 e5 13. Bg5 Qe8 14. Nbd2 e4 15. Nd4 {1-0 (62) Kovalenko,I (2700)-Bachmann,A (2593) Berlin 2015}) 8. dxe5 dxe5 {[#]} 9. a6 $1 {[%mdl 512]} e4 {The position is equal.} (9... bxa6 10. Nxe5) 10. Qxd8 Rxd8 11. Ng5 Nd4 12. Nc3 Nxc2 13. Ra4 {[#]} b5 $1 {[%mdl 512]} 14. Ra5 ({Better is} 14. Nxb5 $11 Bg4 15. Nc3) 14... Nd4 $146 ({Predecessor:} 14... Bg4 15. h3 {1-0 (28) Osborne,M (2190)-Paterson,A (2039) Coventry 2015}) 15. Ngxe4 Nxe4 16. Bxe4 Rb8 {Hoping for ...b4.} 17. Be3 Bh3 {White must now prevent ...b4.} 18. Re1 Be6 19. Bg5 (19. Bxd4 $5 Rxd4 20. Bb7 $11) 19... b4 (19... Re8 $11 {remains equal.}) 20. Nd5 (20. Bxd8 $16 Rxd8 21. Nd5) 20... Bxd5 21. Bxd5 Re8 22. Kf1 Rb5 23. Rxb5 Nxb5 24. Bc1 Rb8 25. Rd1 Rb6 26. Bc4 $36 {[%mdl 2048] Threatening mate with Rd8+. White is really pushing.} Nd6 $2 {[#]} (26... Rd6 $16 27. Rxd6 Nxd6) 27. Be3 $1 $18 {[%cal Re3b6]} Rb8 28. Bd3 (28. Bxa7 Ra8 $16) 28... Ra8 {[#]} (28... Bxb2 {keeps fighting.} 29. Rb1 (29. Bxa7 Ra8 $18) 29... Bc3) 29. Rc1 $1 Be5 (29... Rc8 {is a better defense.} 30. b3 Bc3 31. Bxa7 c5) 30. f4 {White is clearly winning.} Bxb2 31. Rxc7 b3 32. Rxa7 Re8 (32... Rc8 $142 33. Rd7 Ba3) 33. Bc5 Nf5 34. Bxf5 gxf5 35. Rb7 {Precision: White = 72%, Black = 30%.} 1-0